| 000 | 01111nam a22002417a 4500 | ||
|---|---|---|---|
| 003 | BD-DhJNU | ||
| 005 | 20260512024059.0 | ||
| 008 | 260512b |||||||| |||| 00| 0 eng d | ||
| 020 | _a9789384108816 | ||
| 040 |
_aBD-DhJNU _bBEN _cBD-DhJNU _dBD-DhJNU |
||
| 082 |
_223 _a411.7 |
||
| 100 | _aপাল, রজত | ||
| 242 |
_aSindhi script and its possible readings / _cRajat Pal |
||
| 245 |
_aসিন্ধুলিপি ও তার সম্ভাব্য পাঠ / _cরজত পাল |
||
| 260 |
_aকলকাতা : _bবাঙলার মুখ, _c2022. |
||
| 300 |
_a২৪৭ পৃ. : _bচিত্র ; _c২২ সেমি.। |
||
| 504 | _aগ্রন্থপঞ্জিগত নির্দেশিকা ও নিঘন্ট অন্তভূক্ত | ||
| 650 | _aভারতের প্রাচীন ইতিহাস - সিন্ধু উপত্যকা | ||
| 650 | _aAncient History of India - Indus Valley | ||
| 650 | _aসিন্ধুলিপি — পাঠোদ্ধার | ||
| 650 | _aIndus script — Decipherment | ||
| 942 |
_2ddc _cBK _n0 |
||
| 999 |
_c2785 _d2785 |
||